| 000 | 00824nas a2200265 4500 | ||
|---|---|---|---|
| 001 | BR8107983 | ||
| 003 | BR-BrBNA | ||
| 005 | 20231205084929.0 | ||
| 007 | ta | ||
| 008 | 230509b bl.|||p| |||| 00| 00por d | ||
| 040 |
_aBR-BrBNA _bpor _cBiblioteca Nacional de Agricultura |
||
| 041 | _a(Pt) | ||
| 072 | _aN10; P05 | ||
| 100 | 1 | _aAnon. | |
| 245 | 1 | _aO biodigestor da EMBRAPA [Empresa Brasileira de Pesquisa Agropecuaria, recurso energetico, Brasil] | |
| 650 | _aRECURSO ENERGETICO | ||
| 650 | _aRESIDUO INDUSTRIAL | ||
| 650 | _aFERTILIZANTE | ||
| 650 | _aBIODIGESTOR | ||
| 650 | _aGAS | ||
| 650 | _aPRODUCAO | ||
| 773 | 0 |
_tAtualidades do Conselho Nacional do Petroleo (Brazil) _xISSN 0100-1471 _g(Jan-Feb 1981), v. 13(73) p. 31-32 _wBR8107983 |
|
| 909 |
_a202311 _bLúcia _c55 _dLúcia Elande |
||
| 942 |
_2AGRIS _n0 _cANA |
||
| 999 |
_c108185 _d108185 |
||